Fundamentals of wavelets : theory, algorithms, and applications (Record no. 7847)

000 -LEADER
fixed length control field 01114 a2200265 4500
020 ## - INTERNATIONAL STANDARD BOOK NUMBER
International Standard Book Number 0471197483
040 ## - CATALOGING SOURCE
Original cataloging agency DLC
Language of cataloging DLC
082 00 - DEWEY DECIMAL CLASSIFICATION NUMBER
Classification number 621.3015152433
100 1# - MAIN ENTRY--PERSONAL NAME
Personal name Goswami, Jaideva C.
245 10 - TITLE STATEMENT
Title Fundamentals of wavelets : theory, algorithms, and applications
Statement of responsibility, etc. Jaideva C. Goswami, Andrew K. Chan.
260 ## - PUBLICATION, DISTRIBUTION, ETC.
Place of publication, distribution, etc. New York :
Name of publisher, distributor, etc. Wiley,
Date of publication, distribution, etc. c1999.
300 ## - PHYSICAL DESCRIPTION
Extent xvi, 306 p. :
Other physical details ill. ;
Dimensions 24 cm.
440 #0 - SERIES STATEMENT/ADDED ENTRY--TITLE
Title Wiley series in microwave and optical engineering
500 ## - GENERAL NOTE
General note "A Wiley-Interscience publication."
650 #0 - SUBJECT ADDED ENTRY--TOPICAL TERM
Topical term or geographic name entry element Signal processing
General subdivision Mathematics.
650 #0 - SUBJECT ADDED ENTRY--TOPICAL TERM
Topical term or geographic name entry element Wavelets (Mathematics)
650 #0 - SUBJECT ADDED ENTRY--TOPICAL TERM
Topical term or geographic name entry element Image processing
General subdivision Mathematics.
650 #0 - SUBJECT ADDED ENTRY--TOPICAL TERM
Topical term or geographic name entry element Electromagnetic waves
General subdivision Scattering
-- Mathematical models.
650 #0 - SUBJECT ADDED ENTRY--TOPICAL TERM
Topical term or geographic name entry element Boundary value problems.
700 1# - ADDED ENTRY--PERSONAL NAME
Personal name Chan, Andrew K.
856 42 - ELECTRONIC LOCATION AND ACCESS
Materials specified Contributor biographical information
Uniform Resource Identifier <a href="http://www.loc.gov/catdir/bios/wiley041/98026348.html">http://www.loc.gov/catdir/bios/wiley041/98026348.html</a>
856 42 - ELECTRONIC LOCATION AND ACCESS
Materials specified Publisher description
Uniform Resource Identifier <a href="http://www.loc.gov/catdir/description/wiley033/98026348.html">http://www.loc.gov/catdir/description/wiley033/98026348.html</a>
856 42 - ELECTRONIC LOCATION AND ACCESS
Materials specified Table of Contents
Uniform Resource Identifier <a href="http://www.loc.gov/catdir/toc/onix03/98026348.html">http://www.loc.gov/catdir/toc/onix03/98026348.html</a>
942 ## - ADDED ENTRY ELEMENTS (KOHA)
Koha item type Book
Call number prefix 621.3015152433 GOS
Source of classification or shelving scheme
Holdings
Withdrawn status Lost status Damaged status Not for loan Collection code Permanent Location Current Location Shelving location Date acquired Source of acquisition Cost, normal purchase price Total Checkouts Total Renewals Full call number Barcode Date last seen Date last checked out Price effective from Koha item type
          Central Library (CL) Central Library (CL) General Stacks 01/17/2004 Donation 0.00 2 1 621.3015152433 GOS SEECS004144 10/31/2023 10/04/2018 01/05/2017 Book
© 2023 Central Library, National University of Sciences and Technology. All Rights Reserved.